[Event "Taastrup Winter 2nd"]
[Site "Taastrup"]
[Date "2017.01.25"]
[Round "6"]
[White "Larsen, Simon Bering"]
[Black "Andersen, Jorgen Brix"]
[Result "1-0"]
[WhiteElo "1887"]
[BlackElo "1986"]
[PlyCount "79"]
[EventDate "2016.11.11"]
[EventType "swiss"]
[EventRounds "9"]
[EventCountry "DEN"]
[SourceTitle "EXT 2024"]
[Source "ChessBase"]
[SourceDate "2023.10.10"]
[SourceVersion "1"]
[SourceVersionDate "2023.10.10"]
[SourceQuality "1"]

1. d4 Nf6 2. Bf4 e6 3. e3 c5 4. Nf3 d5 5. c3 Bd6 6. Nbd2 Bxf4 7. exf4 0-0 8. Bd3 cxd4 9. Nxd4 Nc6 10. N2f3 Nxd4 11. Nxd4 a6 12. 0-0 Qc7 13. g3 b6 14. Re1 Bb7 15. Qe2 Rae8 16. Bxa6 Bxa6 17. Qxa6 e5 18. fxe5 Rxe5 19. Rxe5 Qxe5 20. Qe2 Qg5 21. Re1 h5 22. Qe5 Qd2 23. Qe2 Qg5 24. h4 Qg6 25. Qf3 Ra8 26. a3 Ra5 27. Nc6 Qc2 28. Nxa5 bxa5 29. Re2 Qd1+ 30. Kg2 Qb3 31. Qd3 Qb7 32. f3 Qb3 33. Qc2 Qb5 34. b3 Qd7 35. Qd3 Qb7 36. b4 axb4 37. axb4 Qc8 38. b5 Qc5 39. Rb2 Nd7 40. Ra2 1-0

[Event "Taastrup Winter 2nd"]
[Site "Taastrup"]
[Date "2016.12.26"]
[Round "4"]
[White "Andersen, Jorgen Brix"]
[Black "Falkenberg, Mads"]
[Result "1-0"]
[WhiteElo "1986"]
[BlackElo "1512"]
[PlyCount "49"]
[EventDate "2016.11.11"]
[EventType "swiss"]
[EventRounds "9"]
[EventCountry "DEN"]
[SourceTitle "EXT 2024"]
[Source "ChessBase"]
[SourceDate "2023.10.10"]
[SourceVersion "1"]
[SourceVersionDate "2023.10.10"]
[SourceQuality "1"]

1. e4 e5 2. Nf3 Nc6 3. Bb5 d6 4. d4 exd4 5. Nxd4 Bd7 6. Nc3 Nf6 7. Bxc6 bxc6 8. 0-0 Be7 9. b3 Rb8 10. f4 c5 11. Nf3 Bc6 12. Qd3 0-0 13. Bb2 Re8 14. Rae1 h6 15. Nd5 a6 16. c4 Ba4 17. Bxf6 Bxf6 18. bxa4 Rb2 19. Re2 Rb8 20. Rb1 c6 21. Rxb8 Qxb8 22. Nxf6+ gxf6 23. Nh4 a5 24. Nf5 d5 25. Qg3+ 1-0

[Event "Taastrup Winter 2nd"]
[Site "Taastrup"]
[Date "2016.12.11"]
[Round "3"]
[White "Andersen, Jorgen Brix"]
[Black "Nielsen, Jan Mose"]
[Result "0-1"]
[WhiteElo "1986"]
[BlackElo "2072"]
[PlyCount "79"]
[EventDate "2016.11.11"]
[EventType "swiss"]
[EventRounds "9"]
[EventCountry "DEN"]
[SourceTitle "EXT 2024"]
[Source "ChessBase"]
[SourceDate "2023.10.10"]
[SourceVersion "1"]
[SourceVersionDate "2023.10.10"]
[SourceQuality "1"]

1. e4 c5 2. Nf3 d6 3. d4 cxd4 4. Nxd4 Nf6 5. Nc3 g6 6. Be2 a6 7. a4 Bg7 8. 0-0 e5 9. Nb3 Be6 10. Bf3 0-0 11. Be3 Nc6 12. Nd5 Bxd5 13. exd5 Ne7 14. c4 Rc8 15. Nd2 Nf5 16. Qb3 Nd7 17. Be2 Nxe3 18. Qxe3 f5 19. f3 Qh4 20. g3 Bh6 21. f4 Qe7 22. Rfe1 Rce8 23. Bf1 Qd8 24. Qf2 Qa5 25. b4 Qxb4 26. Reb1 Qc5 27. Rxb7 Qxf2+ 28. Kxf2 Nc5 29. Rb6 exf4 30. Nf3 Re3 31. Kg2 fxg3 32. Rxd6 Rb8 33. Ra2 gxh2 34. Nxh2 Ne4 35. Rxa6 Rg3+ 36. Kh1 Be3 37. Bg2 Rb1+ 38. Nf1 Rg4 39. Ra8+ Kg7 40. Ra7+ 0-1

[Event "Taastrup Winter 2nd"]
[Site "Taastrup"]
[Date "2016.11.11"]
[Round "1"]
[White "Andersen, Jorgen Brix"]
[Black "Birk, Birger"]
[Result "1/2-1/2"]
[WhiteElo "1986"]
[BlackElo "1567"]
[PlyCount "44"]
[EventDate "2016.11.11"]
[EventType "swiss"]
[EventRounds "9"]
[EventCountry "DEN"]
[SourceTitle "EXT 2024"]
[Source "ChessBase"]
[SourceDate "2023.10.10"]
[SourceVersion "1"]
[SourceVersionDate "2023.10.10"]
[SourceQuality "1"]

1. e4 d5 2. exd5 Qxd5 3. Nc3 Qd8 4. d4 Nf6 5. Nf3 a6 6. Ne5 Bf5 7. Qf3 Qc8 8. Bc4 e6 9. Bb3 c6 10. 0-0 Nbd7 11. h3 Nxe5 12. dxe5 Nd5 13. Nxd5 cxd5 14. Be3 Qc7 15. Bd4 Rc8 16. Qe3 Bc5 17. c3 0-0 18. Rad1 b5 19. Bxc5 Qxc5 20. Qxc5 Rxc5 21. Rd4 Rfc8 22. h4 h6 1/2-1/2

[Event "Lovsprings op 10th D"]
[Site "Ringsted"]
[Date "1998.05.29"]
[Round "7"]
[White "Vilsgaard, Lars"]
[Black "Andersen, Jorgen Brix"]
[Result "1-0"]
[WhiteElo "1136"]
[BlackElo "1057"]
[PlyCount "89"]
[EventDate "1998.03.13"]
[EventType "swiss"]
[EventRounds "7"]
[EventCountry "DEN"]
[SourceTitle "EXT 2023"]
[Source "ChessBase"]
[SourceDate "2022.10.05"]
[SourceVersion "1"]
[SourceVersionDate "2022.10.05"]
[SourceQuality "1"]

1. e4 e5 2. Nf3 d6 3. Bc4 Nc6 4. 0-0 a6 5. h3 Be6 6. Bxe6 fxe6 7. d3 Be7 8. Nc3 Nf6 9. Be3 0-0 10. Qd2 d5 11. exd5 exd5 12. Bg5 d4 13. Ne4 Nd5 14. a3 Qe8 15. Bxe7 Ncxe7 16. Nxe5 Nf4 17. Ng3 Neg6 18. Ng4 Qc6 19. f3 Rae8 20. Ne4 Rf5 21. Ng3 Nxh3+ 22. gxh3 Rxf3 23. Ne4 Ref8 24. Rxf3 Rxf3 25. Qg2 Nh4 26. Qe2 Rf4 27. Rf1 Rf5 28. Rxf5 Nxf5 29. Qg2 Kh8 30. Ng5 Qe8 31. Qe4 Qxe4 32. Nxe4 Nh4 33. Kf2 Ng6 34. Nc5 Ne7 35. Nxb7 Nc6 36. Nc5 Nb8 37. Ne6 h5 38. Ne5 Kh7 39. Nxd4 Kh6 40. Nec6 Nxc6 41. Nxc6 g5 42. Ne5 h4 43. Kf3 c5 44. Kg4 a5 45. a4 1-0

[Event "Lovsprings op 10th D"]
[Site "Ringsted"]
[Date "1998.04.17"]
[Round "4"]
[White "Andersen, Jorgen Brix"]
[Black "Nielsen, Henning2222"]
[Result "1-0"]
[WhiteElo "1057"]
[BlackElo "1100"]
[PlyCount "81"]
[EventDate "1998.03.13"]
[EventType "swiss"]
[EventRounds "7"]
[EventCountry "DEN"]
[SourceTitle "EXT 2023"]
[Source "ChessBase"]
[SourceDate "2022.10.05"]
[SourceVersion "1"]
[SourceVersionDate "2022.10.05"]
[SourceQuality "1"]

1. e4 e5 2. Bc4 Nf6 3. d3 a6 4. Nf3 Nc6 5. a3 d6 6. h3 h6 7. Nc3 Bd7 8. Bd2 Be7 9. Qe2 Nd4 10. Qd1 c5 11. Be3 Qb6 12. Rb1 0-0 13. 0-0 Qc7 14. Bxd4 cxd4 15. Ne2 Nxe4 16. dxe4 Qxc4 17. Nd2 Qc7 18. b3 Rac8 19. Rc1 Bg5 20. f4 Bf6 21. Rf3 Qb6 22. Kh1 Bb5 23. a4 Bxe2 24. Qxe2 Qd8 25. Nf1 Rc3 26. Rxc3 dxc3 27. f5 Qc7 28. Ng3 Kh7 29. Rd1 Bg5 30. Rd3 Rc8 31. Qg4 f6 32. Qh5 Kg8 33. Qd1 Rd8 34. Qg4 Kh8 35. Nh5 Rd7 36. h4 Bd2 37. Qg6 Qc6 38. Rg3 Qc7 39. Qe8+ Kh7 40. Nxf6+ gxf6 41. Qg8# 1-0

[Event "Lovsprings op 10th D"]
[Site "Ringsted"]
[Date "1998.03.20"]
[Round "2"]
[White "Hein, Jacob"]
[Black "Andersen, Jorgen Brix"]
[Result "1-0"]
[WhiteElo "1285"]
[BlackElo "1057"]
[PlyCount "53"]
[EventDate "1998.03.13"]
[EventType "swiss"]
[EventRounds "7"]
[EventCountry "DEN"]
[SourceTitle "EXT 2023"]
[Source "ChessBase"]
[SourceDate "2022.10.05"]
[SourceVersion "1"]
[SourceVersionDate "2022.10.05"]
[SourceQuality "1"]

1. d4 d5 2. c4 dxc4 3. Nc3 e6 4. Qa4+ Bd7 5. Qxc4 Nc6 6. Bf4 Bd6 7. Bxd6 cxd6 8. Nb5 Qe7 9. Nc7+ Kf8 10. Nxa8 Qd8 11. Nc7 Qxc7 12. Rc1 Nge7 13. b4 a6 14. e4 b5 15. Qb3 Qb6 16. Ne2 Nxd4 17. Qe3 e5 18. Nxd4 exd4 19. Qf3 Bc6 20. Bd3 Qb7 21. 0-0 Ng6 22. Qf5 Ne5 23. Bc2 d3 24. Bb3 Ke7 25. f4 Bxe4 26. Qg5+ f6 27. Qxg7+ 1-0

[Event "Lovsprings op 09th E"]
[Site "Ringsted"]
[Date "1997.05.16"]
[Round "7"]
[White "Christensen, Knud"]
[Black "Andersen, Jorgen Brix"]
[Result "1-0"]
[WhiteElo "1251"]
[BlackElo "1171"]
[PlyCount "102"]
[EventDate "1997.03.14"]
[EventType "swiss"]
[EventRounds "7"]
[EventCountry "DEN"]
[SourceTitle "EXT 2023"]
[Source "ChessBase"]
[SourceDate "2022.10.05"]
[SourceVersion "1"]
[SourceVersionDate "2022.10.05"]
[SourceQuality "1"]

1. Nf3 d5 2. d4 Nc6 3. Bf4 e6 4. c3 Be7 5. e3 a6 6. Bd3 Nf6 7. 0-0 0-0 8. Nbd2 Bd6 9. Ne5 Bxe5 10. Bxe5 Nxe5 11. dxe5 Nd7 12. f4 f6 13. Nf3 b5 14. exf6 gxf6 15. Nd4 Nc5 16. Qg4+ Kh8 17. Bc2 f5 18. Qh5 Bd7 19. g4 Rg8 20. g5 Be8 21. Qh3 Qf6 22. b4 Nb7 23. Kh1 Qe7 24. Nf3 Bg6 25. Ne5 Qe8 26. Rg1 Rc8 27. Bd1 c5 28. Nxg6+ Qxg6 29. Bh5 Qg7 30. g6 h6 31. a4 Nd6 32. axb5 axb5 33. Ra6 Ne4 34. Rg2 Rce8 35. Rga2 Ra8 36. Rxa8 Qxc3 37. Rxg8+ Kxg8 38. Qh4 Nf6 39. Ra8+ Kg7 40. Ra7+ Kg8 41. Rf7 Qc1+ 42. Kg2 Qc2+ 43. Kh3 Qc3 44. Rxf6 Qxe3+ 45. Qg3 Qd4 46. Rxe6 cxb4 47. Qe3 Qe4 48. Rxe4 dxe4 49. Qc5 b3 50. Qd5+ Kg7 51. Qf7+ Kh8 1-0

[Event "Lovsprings op 09th E"]
[Site "Ringsted"]
[Date "1997.03.14"]
[Round "1"]
[White "Petersen, Gregers"]
[Black "Andersen, Jorgen Brix"]
[Result "1-0"]
[WhiteElo "1205"]
[BlackElo "1171"]
[PlyCount "153"]
[EventDate "1997.03.14"]
[EventType "swiss"]
[EventRounds "7"]
[EventCountry "DEN"]
[SourceTitle "EXT 2023"]
[Source "ChessBase"]
[SourceDate "2022.10.05"]
[SourceVersion "1"]
[SourceVersionDate "2022.10.05"]
[SourceQuality "1"]

1. Nf3 d6 2. d4 Nf6 3. c4 Bg4 4. Qb3 Bxf3 5. Qxf3 d5 6. c5 c6 7. b4 b6 8. g3 e6 9. Ba3 b5 10. Bg2 a5 11. Qc3 Be7 12. Nd2 0-0 13. 0-0 Nfd7 14. Nb3 a4 15. Nd2 Bf6 16. Nf3 Re8 17. Ne5 Bxe5 18. dxe5 f6 19. exf6 Nxf6 20. Rfd1 Ra7 21. Rd3 Rae7 22. e4 e5 23. f3 Rd7 24. Rad1 d4 25. Qa1 Na6 26. Bh3 Rde7 27. Bg2 Qb8 28. Qb1 Rf8 29. Bc1 h6 30. Rf1 Qe8 31. a3 Nc7 32. Re1 Kh8 33. Bb2 Ne6 34. Bh3 Ng5 35. Bg2 Qh5 36. h4 Ne6 37. Kf2 Qg6 38. Qa2 Ng4+ 39. Kg1 Ne3 40. Bc1 Nxg2 41. Qxg2 Ref7 42. Rf1 Rf6 43. Bd2 R8f7 44. Be1 Qh5 45. Bd2 Qg6 46. Kh2 Qh5 47. Kh3 g5 48. Qh1 gxh4 49. g4 Ng5+ 50. Bxg5 Qxg5 51. Qg1 Rf4 52. Qf2 Rxg4 53. fxg4 Rxf2 54. Rxf2 Kg7 55. Rdf3 Qe7 56. Rd2 Kg6 57. Rf5 Qe6 58. Rf3 h5 59. Rf5 hxg4+ 60. Kxh4 Qxf5 61. exf5+ Kxf5 62. Rf2+ Ke4 63. Kxg4 d3 64. Kg3 Kd4 65. Rf6 e4 66. Kf4 d2 67. Rd6+ Kc3 68. Kxe4 Kc2 69. Ke5 d1Q 70. Rxd1 Kxd1 71. Kd6 Kc2 72. Kxc6 Kb3 73. Kxb5 Kxa3 74. c6 Kb3 75. c7 a3 76. c8Q a2 77. Qc1 1-0

[Event "Lovsprings op 08th E"]
[Site "Ringsted"]
[Date "1996.04.12"]
[Round "5"]
[White "Nielsen, Henning2222"]
[Black "Andersen, Jorgen Brix"]
[Result "1-0"]
[WhiteElo "1156"]
[BlackElo "1214"]
[PlyCount "107"]
[EventDate "1996.03.08"]
[EventType "swiss"]
[EventRounds "7"]
[EventCountry "DEN"]
[SourceTitle "EXT 2023"]
[Source "ChessBase"]
[SourceDate "2022.10.05"]
[SourceVersion "1"]
[SourceVersionDate "2022.10.05"]
[SourceQuality "1"]

1. e4 e5 2. Bc4 c5 3. Nc3 a6 4. d3 b5 5. Bxf7+ Kxf7 6. Qh5+ g6 7. Qxe5 Qf6 8. Qd5+ Kg7 9. Qxa8 Qd6 10. Qd5 Nf6 11. Qxd6 Bxd6 12. Nf3 Bc7 13. 0-0 Nc6 14. Bg5 Bd8 15. Rad1 d6 16. a3 Bg4 17. Rb1 Bxf3 18. gxf3 Nd4 19. Kg2 Rf8 20. Rbc1 Ne6 21. Ne2 Nxg5 22. f4 Ne6 23. Rg1 Nh5 24. f5 Nef4+ 25. Nxf4 Nxf4+ 26. Kf3 Ne6 27. c3 Ng5+ 28. Ke2 gxf5 29. h4 h6 30. hxg5 Bxg5 31. f4 Kg6 32. fxg5 hxg5 33. Rcf1 f4 34. Kf3 Re8 35. Re1 Re5 36. Re2 d5 37. Reg2 d4 38. cxd4 cxd4 39. Rc2 Re6 40. Rc5 Rf6 41. Rgxg5+ Kf7 42. Rgf5 Kg6 43. Rxf6+ Kxf6 44. Kxf4 Ke6 45. e5 Ke7 46. Kf5 a5 47. Rc7+ Kd8 48. Ra7 a4 49. Kf6 Ke8 50. Ra8+ Kd7 51. e6+ Kd6 52. e7 Kc5 53. Rc8+ Kb6 54. e8Q 1-0

[Event "Lovsprings op 06th F"]
[Site "Ringsted"]
[Date "1994.05.01"]
[Round "5"]
[White "Andersen, Jorgen Brix"]
[Black "Christensen, Knud"]
[Result "1-0"]
[WhiteElo "1171"]
[BlackElo "1124"]
[PlyCount "61"]
[EventDate "1994.03.27"]
[EventType "swiss"]
[EventRounds "7"]
[EventCountry "DEN"]
[SourceTitle "EXT 2023"]
[Source "ChessBase"]
[SourceDate "2022.10.05"]
[SourceVersion "1"]
[SourceVersionDate "2022.10.05"]
[SourceQuality "1"]

1. e4 e5 2. Nf3 Nc6 3. Bc4 Nf6 4. d3 Bc5 5. Ng5 0-0 6. 0-0 d6 7. h3 Nd4 8. c3 Nc6 9. Be3 Na5 10. Nd2 Nxc4 11. Nxc4 b6 12. b4 Bxe3 13. Nxe3 Ba6 14. c4 Bb7 15. Qd2 Nh5 16. Nf3 Nf4 17. c5 Ba6 18. Nc4 Bxc4 19. dxc4 f5 20. Qe3 Qe7 21. Rad1 Rad8 22. exf5 Rxf5 23. Nd4 Nxh3+ 24. Qxh3 exd4 25. Qxf5 dxc5 26. bxc5 bxc5 27. Rfe1 Qf8 28. Qxf8+ Kxf8 29. Re5 d3 30. Rxc5 Rd7 31. Rd5 1-0

[Event "Lovsprings op 06th F"]
[Site "Ringsted"]
[Date "1994.04.24"]
[Round "4"]
[White "Vilsgaard, Lars"]
[Black "Andersen, Jorgen Brix"]
[Result "1-0"]
[WhiteElo "1083"]
[BlackElo "1171"]
[PlyCount "123"]
[EventDate "1994.03.27"]
[EventType "swiss"]
[EventRounds "7"]
[EventCountry "DEN"]
[SourceTitle "EXT 2023"]
[Source "ChessBase"]
[SourceDate "2022.10.05"]
[SourceVersion "1"]
[SourceVersionDate "2022.10.05"]
[SourceQuality "1"]

1. e4 e5 2. Nf3 Nc6 3. Bc4 Bc5 4. d3 h6 5. h3 Nf6 6. 0-0 a6 7. a3 0-0 8. Nc3 d6 9. Nd5 Nxd5 10. Bxd5 Nd4 11. Nxd4 Bxd4 12. Qf3 c6 13. Bb3 Be6 14. Bxe6 fxe6 15. Qg4 Rf6 16. Qe2 Qe7 17. c3 Bb6 18. Be3 Bc7 19. Rad1 Raf8 20. d4 d5 21. dxe5 Bxe5 22. Bd4 Bxd4 23. Rxd4 e5 24. Rd2 Qd7 25. exd5 cxd5 26. Qxe5 Rf5 27. Qd4 Re8 28. f3 b5 29. Rfd1 Ree5 30. Qb6 Qe8 31. Kh2 Re6 32. Qb7 Re7 33. Qb6 Rf6 34. Qf2 Rfe6 35. Rxd5 Qb8+ 36. Kh1 Qc7 37. Rd8+ Kf7 38. R8d2 Qb8 39. Qh4 Qe5 40. Rd7 Rxd7 41. Rxd7+ Re7 42. Rxe7+ Qxe7 43. Qxe7+ Kxe7 44. Kg1 Ke6 45. Kf2 Kd5 46. b3 Ke5 47. Ke3 g5 48. g4 Kf6 49. Ke4 Kg6 50. c4 bxc4 51. bxc4 Kf6 52. Kd5 Ke7 53. Kc6 Ke6 54. c5 Ke5 55. Kd7 Kf4 56. c6 Kxf3 57. c7 Kg3 58. c8Q Kxh3 59. Ke7 Kh4 60. Kf6 h5 61. gxh5 Kxh5 62. Qh3# 1-0